Quiz sulla città di Perugia - Statistics

Statistiche generali
  • Questo quiz è stato fatto 148 volte
  • Il punteggio medio è 9 su 23
Statistiche sulle risposte
Categoria Descrizione Risposta % Corretto
Geografia Perugia è la capitale di questa regione Umbria
100%
Geografia Luogo dove ha vissuto San Francesco, santo patrono d'Italia Assisi
93%
Cultura Cibo prodotto dalla società « Perugina » Cioccolato
76%
Storia Civilità che ha fondata la città di Perugia Etruschi
66%
Cultura Perugia organiza ogni anno un festival di questo stile di musica Jazz
64%
Geografia Fiume che passa vicino a Perugia Tevere
64%
Cultura Piato tipico di Perugia che assomiglia a una piadina farcita Torta al {testo}
48%
Storia Animale legendario simbolo di Perugia Grifone
47%
Perugini famosi Pittore che fu maestro di Raffaelo Il Perugino
43%
Monumenti Capolavoro di Nicola Pisano su questa piazza {Fontana} Maggiore
38%
Monumenti Palazzo comunale Palazzo dei {Priori}
38%
Storia Nel 1540 c'era un'insurrezione sulla tassa imposta su questo prodotto Sale
35%
Monumenti Via principale di Perugia Corso {Vannucci}
34%
Monumenti Piazza principale del centro di Perugia Piazza IV Novembre
28%
Storia Santi patroni di Perugia San {Costanzo}
25%
Storia Santi patroni di Perugia San {Lorenzo}
23%
Perugini famosi Alievo di quel pittore, di quale il soprannome significa "piccolo pittore" Pinturicchio
21%
Storia Santi patroni di Perugia Sant'{Ercolano}
19%
Geografia Montagna che culmina a 961 m al nord di Perugia Monte Tezio
16%
Monumenti Parte di quel edificio che ospita un'importante collezione d'arte Collegio del {Cambio}
14%
Perugini famosi Pioniere dell'aeropittura nato a Perugia nel 1884 Gerardo Dottori
10%
Perugini famosi Più famoso architetto di Perugia Galeazzo Alessi
6%
Perugini famosi Astronomo e vescovo di Alatri, nato a Perugia nel 1536 Ignazio Danti
3%
Nessun quiz corrispondente trovato
Distribuzione punteggi
Percentuale di utenti per punteggio
Percentile per numero di risposta
I tuoi punteggi nel tempo
Non hai fatto questo quiz